statistieken voor Nederland - Gemeenten in Flevoland

Klik hier om de quiz te nemen!

Generale statistieken

  • Deze quiz is al 107 keer genomen
  • De gemiddelde score is 5 of 6

Antwoord statistieken

Answer % Correct
Almere
100%
Lelystad
100%
Urk
81%
Dronten
79%
Noordoostpolder
75%
Zeewolde
75%

Score Distributie

Percentiel op hoeveel beantwoord

Procent van mensen met elke score

Uw Scoregeschiedenis

U hebt deze quiz nog niet genomen